| 000 | 00576nam a22001817a 4500 | ||
|---|---|---|---|
| 003 | BD-DhUIB | ||
| 005 | 20260517190623.0 | ||
| 008 | 260517b |||||||| |||| 00| 0 eng d | ||
| 020 | _a9780199284511 | ||
| 040 |
_aBD-DhUIB _cBD-DhUIB |
||
| 082 | _222 | ||
| 100 |
_aAoki, Masahiko. _91116 |
||
| 245 |
_aCorporate governance in Japan : _bInstitutional change and organizational diversity/ _cby Masahiko Aoki Gregory Jadckson and Hideaki Miyajima. |
||
| 260 |
_aUK. _bOxford university press. _cc2007 |
||
| 300 |
_ax, 459p. : _billus. ; _c23cm. |
||
| 526 | _aMBA | ||
| 942 |
_2ddc _cBK |
||
| 999 |
_c702 _d702 |
||